[Event "ch-ITA"]
[Site "Montecatini Terme ITA"]
[Date "2001.11.22"]
[Round "2"]
[White "Vismara,D"]
[Black "Mantovani,R"]
[Result "0-1"]
[WhiteElo "2365"]
[BlackElo "2369"]

1.Nf3 d5 2.d4 Nf6 3.c4 e6 4.g3 Be7 5.Bg2 O-O 6.O-O dxc4 7.Qc2 a6 8.a4 Nbd7
9.Nbd2 Nb6 10.e4 a5 11.Rd1 h6 12.Ne5 Bd7 13.Ndxc4 Nxc4 14.Qxc4 Ra6 15.Be3 Bc8
16.Rac1 c6 17.Qe2 Re8 18.f4 Bf8 19.g4 Nd7 20.Nf3 Nf6 21.Nd2 Nh7 22.e5 Rb6
23.Nc4 Ra6 24.Be4 Bb4 25.Kg2 Nf8 26.Rh1 Qh4 27.Bf2 Qd8 28.h4 b5 29.Nd2 bxa4
30.g5 h5 31.Bd3 Rb6 32.Ne4 Be7 33.Qxh5 Rxb2 34.Rc2 Ng6 35.Be3  0-1

[Event "NCC"]
[Site "Philadelphia USA"]
[Date "2001.11.23"]
[Round "2"]
[White "Tegshsuren,E"]
[Black "Shapiro,D"]
[Result "0-1"]
[WhiteElo "2415"]
[BlackElo "2274"]

1.d4 Nf6 2.c4 e6 3.g3 d5 4.Nf3 Be7 5.Bg2 O-O 6.O-O c6 7.Qc2 Nbd7 8.Rd1 b6
9.b3 Ba6 10.Nc3 Rc8 11.e4 dxc4 12.Bf4 Re8 13.Nd2 c5 14.dxc5 e5 15.Bg5 Bxc5
16.Bh3 Bd4 17.bxc4 Bxc4 18.Nxc4 Rxc4 19.Rd3 Nc5 20.Rf3 Rxc3  0-1

[Event "NCC"]
[Site "Philadelphia USA"]
[Date "2001.11.24"]
[Round "3"]
[White "Ippolito,D"]
[Black "Shapiro,D"]
[Result "1/2-1/2"]
[WhiteElo "2393"]
[BlackElo "2274"]

1.d4 Nf6 2.c4 e6 3.g3 d5 4.Nf3 Be7 5.Bg2 O-O 6.O-O c6 7.Qb3 dxc4 8.Qxc4 b5
9.Qc2 Bb7 10.Nbd2 Nbd7 11.Nb3 Qb6 12.Be3 Nd5 13.Ng5 g6 14.Ne4 Nxe3 15.fxe3 f5
16.Nec5 Bxc5 17.Nxc5 Nxc5 18.Qxc5 Qxc5 19.dxc5 Kf7 20.e4 Kf6 21.exf5 exf5
22.e4 Rad8 23.exf5 gxf5 24.Rad1 Rfe8 25.Bf3 a5 26.Kf2 b4 27.a3 Ba6 28.Rfe1 Rxd1
29.Rxd1 Re6 30.axb4 axb4 31.Rd4 Bb5 32.Rxb4 Re5 33.Rf4 Rxc5 34.g4 Kg5 35.Kg3 fxg4
36.Rxg4+ Kf6 37.Be4 h5 38.Rg6+ Kf7 39.Kf4 Rc1 40.Rh6 Rf1+ 41.Ke5 Rf2 42.Rh7+ Ke8
43.Rh8+ Ke7 44.Rxh5 Rxb2 45.Rh7+ Kf8 46.Bf5 Rf2 47.Rb7 Rxh2 48.Kf6 Re2 49.Be6 Rf2+
50.Bf5 Re2 51.Be6  1/2-1/2

[Event "FSGMA December"]
[Site "Budapest HUN"]
[Date "2001.12.02"]
[Round "2"]
[White "Horvath,Jo"]
[Black "Schenk,Andreas"]
[Result "1/2-1/2"]
[WhiteElo "2551"]
[BlackElo "2443"]

1.d4 Nf6 2.c4 e6 3.g3 d5 4.Bg2 Be7 5.Nf3 O-O 6.Qc2 c5 7.O-O cxd4 8.Nxd4 Qb6
9.Nb3 Bd7 10.cxd5 Nxd5 11.Bxd5 exd5 12.Nc3 Be6 13.Be3 Qa6 14.f4 f6 15.Qd2 Rd8
16.Bc5 Nc6 17.Bxe7 Nxe7 18.e3 Bf7  1/2-1/2

[Event "Salona"]
[Site "Solin-Split CRO"]
[Date "2001.12.11"]
[Round "4"]
[White "Kozul,Z"]
[Black "Ribli,Z"]
[Result "1-0"]
[WhiteElo "2569"]
[BlackElo "2564"]

1.d4 Nf6 2.c4 e6 3.Nf3 d5 4.g3 Be7 5.Bg2 O-O 6.O-O dxc4 7.Qc2 a6 8.a4 Bd7
9.Qxc4 Bc6 10.Bg5 Bd5 11.Qc2 Be4 12.Qd1 c5 13.dxc5 Nbd7 14.Nc3 Bc6 15.b4 a5
16.b5 Bxf3 17.Bxf3 Nxc5 18.Be3 Rc8 19.Qb1 Bd6 20.Ne4 Ncxe4 21.Bxe4 Qe7 22.Bg2 Bc5
23.Bd2 b6 24.Qb3 Rfd8 25.Rad1 h6 26.e3 Rd6 27.Bc3 Rcd8 28.Rc1 Ng4 29.Bxa5 Rd3
30.Rc3 Nxf2 31.Rxf2 Rd1+ 32.Bf1 bxa5 33.b6 Bb4 34.Rc6 R1d6 35.Qc4 Rxc6 36.Qxc6 Bc5
37.Rc2 Bxe3+ 38.Kg2 Qb4 39.b7 Ba7 40.Kh3 h5 41.Be2 Rb8 42.Bd3 g6 43.Be4 Kh7
44.Rc4 Qd2 45.Qc7 Rf8 46.Qe5 Bb8 47.Qc3 Qe2 48.Bd3 Qd1 49.Qd4 Kg8 50.Rc8 Qf3
51.Qc5  1-0

[Event "FSGMA December"]
[Site "Budapest HUN"]
[Date "2001.12.12"]
[Round "12"]
[White "Berkes,F"]
[Black "Bokros,A"]
[Result "1-0"]
[WhiteElo "2541"]
[BlackElo "2429"]

1.d4 Nf6 2.c4 e6 3.g3 d5 4.Bg2 Be7 5.Nf3 O-O 6.Qc2 dxc4 7.Qxc4 a6 8.Bf4 Nd5
9.Nc3 b5 10.Qd3 Bb7 11.Nxd5 Bxd5 12.O-O Nd7 13.Rfd1 Rc8 14.e4 Bb7 15.Qe2 Bd6
16.Bg5 Be7 17.Bf4 Bd6 18.Bd2 c5 19.dxc5 Bxc5 20.b4 Be7 21.Bf4 Qe8 22.Qe3 e5
23.Nxe5 Nxe5 24.Bxe5 Bxb4 25.Bxg7 Kxg7 26.Qd4+ f6 27.Qxb4 Rc4 28.Qd6 Rxe4
29.Rac1 Rf7 30.h4 Qe6 31.Qb8 Qe7 32.Rd8 Re1+ 33.Kh2 Qxd8 34.Qxd8 Rxc1 35.Qb6 Bc8
36.Bd5 Rfc7 37.Qe3 R1c2 38.h5 Bf5 39.h6+ Kg6 40.g4 Bxg4 41.Be4+ f5 42.Bxc2 Rxc2
43.Kg3 Rc4 44.Qe6+ Kh5 45.Qf7+ Kxh6 46.Qf6+  1-0

[Event "13th Masters"]
[Site "Clichy FRA"]
[Date "2001.12.16"]
[Round "2"]
[White "Inkiov,V"]
[Black "Verat,L"]
[Result "1/2-1/2"]
[WhiteElo "2500"]
[BlackElo "2337"]

1.d4 Nf6 2.c4 e6 3.Nf3 d5 4.g3 Be7 5.Bg2 O-O 6.O-O dxc4 7.Qc2 a6 8.Qxc4 b5
9.Qc2 Bb7 10.Bf4 Nc6 11.Rd1 Nb4 12.Qc1 Nbd5 13.Nbd2 Nxf4 14.gxf4 c5 15.dxc5 Qc7
16.e3 Qxc5 17.Qxc5 Bxc5 18.Nb3 Rac8 19.Rac1 Bb6 20.Nfd4 Bxg2 21.Kxg2 Rfd8  1/2-1/2

[Event "It"]
[Site "Lvov UKR"]
[Date "2001.12.19"]
[Round "2"]
[White "Romanishin,O"]
[Black "Firman,N"]
[Result "1-0"]
[WhiteElo "2575"]
[BlackElo "2494"]

1.d4 e6 2.g3 d5 3.Bg2 Nf6 4.Nf3 Be7 5.c4 O-O 6.O-O dxc4 7.Qc2 a6 8.a4 Nc6
9.Qxc4 Qd5 10.Qxd5 exd5 11.Bf4 Bd6 12.Bxd6 cxd6 13.Nc3 Be6 14.a5 Rac8 15.Rfc1 Rc7
16.e3 Rfc8 17.Ne1 Na7 18.Nd3 g5 19.Rd1 Nb5 20.Na4 Rc2 21.Ne1 R2c6 22.Nb6 Rxb6
23.axb6 Rc6 24.Rdc1 Rxb6 25.Nd3 Na7 26.Ra3 Ne4 27.Rc2 Bf5 28.f3 Nf6 29.g4 Bg6
30.Bf1 h5 31.h3 hxg4 32.hxg4 Kg7 33.Rcc3 Nb5 34.Rab3 Nd7 35.Rc1 Nb8 36.Nb4 Nxd4
37.exd4 a5 38.Rc8 Nd7 39.Rd8 Nf8 40.Ra8 Ne6 41.Rxa5 Nxd4 42.Rc3 Rxb4 43.Rxd5 Ne6
44.Rb5 Rd4 45.Rxb7 Rd1 46.Re3 Nf4 47.Kf2 d5 48.Re1 Rd2+ 49.Ke3 Rc2 50.Rd1 Kf6
51.Rd2 Rc1 52.Kf2 Ke5 53.Rb3 Rc8 54.Re3+ Kd6 55.b4 f5 56.gxf5 Bxf5 57.b5 Rh8
58.b6 Rb8 59.Rb3 Bc8 60.Rc2 Ne6 61.Rb4 Bb7 62.Kg3 Rf8 63.Bh3 Nc5 64.Rb5 Nd3
65.Rc7 Bc6 66.Rb1 Ne5 67.Bg2 Nc4 68.Rg7 Rb8 69.b7 Na5 70.Bf1 Bxb7 71.Ba6 Kc6
72.Rxg5  1-0

[Event "ch-BRA"]
[Site "Sao Paolo BRA"]
[Date "2001.12.21"]
[Round "6"]
[White "Lima,Da"]
[Black "Pelikian,J"]
[Result "1-0"]
[WhiteElo "2543"]
[BlackElo "2410"]

1.d4 Nf6 2.c4 e6 3.g3 d5 4.Bg2 Be7 5.Nf3 c6 6.O-O b5 7.c5 a5 8.Nbd2 Nbd7
9.Qc2 Qc7 10.e4 dxe4 11.Nxe4 Nxe4 12.Qxe4 Nf6 13.Qc2 Nd5 14.Bg5 O-O 15.Rfe1 h6
16.Bxe7 Nxe7 17.Ne5 Rd8 18.Rad1 Bd7 19.Qe4 Be8 20.g4 Nd5 21.f4 Qe7 22.Rd3 Ra7
23.Rg3 g5 24.fxg5 Qxg5 25.Rf1 Re7 26.Qe1 a4 27.h4 Qxh4 28.Nf3 Qf6 29.g5 Qf4
30.gxh6+ Kh8 31.Kh1 f6 32.Nh2 Qxd4 33.Rg4 Qxb2 34.Qg3 Bf7 35.Rb4 Rg8 36.Qxg8+ Kxg8
37.Rxb2 e5 38.Ng4 e4 39.Kh2 a3 40.Re2 Nc3 41.Nxf6+ Kh8 42.Rc2 Bd5 43.Nxd5 cxd5
44.Bh3 e3 45.Rg2 Re8 46.Rf7 Ne4 47.Bf5  1-0

[Event "TSGM December"]
[Site "Belgrade YUG"]
[Date "2001.12.23"]
[Round "9"]
[White "Payen,A"]
[Black "Kostic,Vl"]
[Result "1/2-1/2"]
[WhiteElo "2401"]
[BlackElo "2352"]

1.d4 Nf6 2.Nf3 d5 3.g3 e6 4.c4 Be7 5.Bg2 O-O 6.O-O dxc4 7.Qa4 a6 8.Qxc4 b5
9.Qc2 Bb7 10.Nc3 Nbd7 11.Bf4  1/2-1/2

[Event "Roman Levit Mem"]
[Site "Milwaukee USA"]
[Date "2001.12.23"]
[Round "1"]
[White "Fernandez,Joh"]
[Black "Green,D"]
[Result "1-0"]
[WhiteElo "2043"]
[BlackElo "2240"]

1.d4 Nf6 2.c4 e6 3.g3 d5 4.Bg2 Be7 5.Nf3 O-O 6.O-O Nbd7 7.Nbd2 b6 8.Qc2 Bb7
9.b3 c5 10.Bb2 cxd4 11.Nxd4 Rc8 12.Rac1 Nc5 13.Qb1 Qd7 14.Rfd1 dxc4 15.Bxb7 Qxb7
16.Nxc4 Rfd8 17.Nb5 Ne8 18.Be5 Rd7 19.Rxd7 Qxd7 20.a4 Rd8 21.Qc2 f6 22.Bf4 e5
23.Be3 Qb7 24.b4 Ne6 25.Qb3 Kf7 26.Nxa7 Nd4 27.Nxe5+  1-0

[Event "Rilton Cup"]
[Site "Stockholm SWE"]
[Date "2001.12.28"]
[Round "2"]
[White "Gleizerov,E"]
[Black "Hedman,E"]
[Result "1-0"]
[WhiteElo "2575"]
[BlackElo "2343"]

1.d4 e6 2.c4 Nf6 3.g3 d5 4.Nf3 Be7 5.Bg2 O-O 6.O-O dxc4 7.Qc2 a6 8.a4 Bd7
9.Qxc4 Bc6 10.Bg5 a5 11.Nc3 Na6 12.Bxf6 Bxf6 13.e4 Nb4 14.Rfd1 b6 15.Ne1 Bb7
16.e5 Bxg2 17.Kxg2 Be7 18.d5 Qc8 19.dxe6 fxe6 20.f4 Rf7 21.h4 h6 22.h5 Bf8
23.Rac1 Qe8 24.Nf3 Re7 25.g4 Rd8 26.Rxd8 Qxd8 27.Rd1 Qe8 28.Kg3 Nc2 29.Rd2 Nb4
30.b3 Qc6 31.Qxc6 Nxc6 32.Nb5 Nb8 33.Rd8 Na6 34.Nh4  1-0

[Event "Premier"]
[Site "Hastings ENG"]
[Date "2001.12.30"]
[Round "2"]
[White "Harikrishna,P"]
[Black "Wells,P"]
[Result "1-0"]
[WhiteElo "2502"]
[BlackElo "2517"]

1.d4 Nf6 2.c4 e6 3.g3 d5 4.Nf3 Be7 5.Bg2 O-O 6.O-O dxc4 7.Qc2 a6 8.Qxc4 b5
9.Qc2 Bb7 10.Bd2 Be4 11.Qc1 Nbd7 12.Ba5 Rc8 13.Nc3 Ba8 14.a4 b4 15.Na2 Nd5
16.Qc4 N5b6 17.Qxa6 Bc6 18.Bxb6 Nxb6 19.b3 Be4 20.a5 Ra8 21.Qb5 Nd7 22.a6 c6
23.Qa4 Qb6 24.Nc1 Ra7 25.Qa5 Qxa5 26.Rxa5 Rfa8 27.Nd2 Bxg2 28.Kxg2 Rxa6 29.Rxa6 Rxa6
30.Nd3 Ra2 31.Rd1 g6 32.Kf1 c5 33.dxc5 Nxc5 34.Nxb4 Rb2 35.Nc6 Bf8 36.b4 Na6
37.Nc4 Rc2 38.N4e5 Nxb4 39.Nxb4 Bxb4 40.Rd8+ Kg7 41.Rd7 Kf6 42.Nxf7 g5 43.Nh6 Kg6
44.Ng4 Rc5 45.Kg2 h5 46.Ne3 Re5 47.Nc2 Bc5 48.e3 Rf5 49.Ne1 Bf8 50.Nf3 Bg7
51.Rd6 Kf7 52.h4 gxh4 53.Nxh4 Rb5 54.Rd7+ Kf6 55.Nf3 Rb6 56.Nd2 Rc6 57.Ne4+ Kg6
58.Rd6 Rxd6 59.Nxd6 Be5 60.Ne4 Kf5 61.Nd2 Kg4 62.Nf3 Bf6 63.Nd4 e5 64.f3+ Kg5
65.Ne6+ Kg6 66.Nf8+ Kf7 67.Nd7 Bg7 68.e4 Kg6 69.Kh3 Kg5 70.Nc5 Bf6 71.Nd3 Kg6
72.Nb4 Bd8 73.Nd5 Kg5 74.f4+ exf4 75.gxf4+ Kg6 76.Kg3 Ba5 77.Kf3 Bd8 78.Kg3 Ba5
79.f5+ Kg5 80.f6 Kg6 81.e5 Bd8 82.Kf3 h4 83.Kg4 h3 84.Kxh3 Kf7 85.Kg4 Ke6
86.Kf4 Kxd5 87.Kf5 Ba5 88.e6 Kd6 89.e7 Kd7 90.Kg6  1-0

[Event "SO-ON"]
[Site "Groningen NED"]
[Date "2001.12.31"]
[Round "9"]
[White "Ernst,S"]
[Black "Werle,J"]
[Result "1-0"]
[WhiteElo "2459"]
[BlackElo "2459"]

1.d4 Nf6 2.c4 e6 3.g3 d5 4.Nf3 Be7 5.Bg2 O-O 6.O-O b6 7.Nc3 Bb7 8.cxd5 exd5
9.Bf4 Na6 10.Ne5 c5 11.Rc1 Ne4 12.dxc5 Naxc5 13.Nb5 Bf6 14.b4 Ne6 15.Bxe4 dxe4
16.Nd7 Re8 17.Nc7 Bb2 18.Rc2 Nxf4 19.Nxe8 Nh3+ 20.Kg2 Nxf2 21.Nef6+ Bxf6
22.Nxf6+ Qxf6 23.Qd7 e3+ 24.Qxb7 Rf8 25.Rc8 g6 26.Rfc1 Rxc8 27.Qxc8+ Kg7
28.Qc3  1-0

[Event "It"]
[Site "Reggio Emilia ITA"]
[Date "2001.12.31"]
[Round "2"]
[White "Delchev,A"]
[Black "Zaja,I"]
[Result "1-0"]
[WhiteElo "2634"]
[BlackElo "2476"]

1.c4 e6 2.Nf3 d5 3.d4 Nf6 4.g3 Be7 5.Bg2 O-O 6.Qc2 dxc4 7.Qxc4 a6 8.Bf4 Nd5
9.O-O b5 10.Qc2 Nd7 11.Nc3 Nxf4 12.gxf4 Bb7 13.Rfd1 Nf6 14.Ne5 Bxg2 15.Kxg2 Bd6
16.e3 Qe8 17.Ne4 Nd5 18.Ng5 g6 19.Ngf3 f6 20.Nd3 g5 21.Kh1 Qg6 22.Rg1 Qe4
23.Ne1 Qxc2 24.Nxc2 h6 25.Nce1 Kh7 26.Rc1 Rac8 27.Nd3 gxf4 28.e4 Nb6 29.e5 fxe5
30.dxe5 Be7 31.Rc6 Rf7 32.Rxe6 Rd8 33.Nxf4 Bf8 34.Rg4 Nd5 35.Nxd5 Rxd5 36.Kg2 Bg7
37.Re8 c5 38.e6 Rf6 39.e7 Re6 40.Rd8  1-0

[Event "TCh-NOR Qualifier"]
[Site "NOR"]
[Date "2001.??.??"]
[Round "3"]
[White "Stokstad,P"]
[Black "Berg,AH"]
[Result "0-1"]
[WhiteElo "2226"]
[BlackElo "2060"]

1.d4 Nf6 2.c4 e6 3.g3 d5 4.Bg2 Be7 5.Nf3 O-O 6.O-O c6 7.Nc3 b6 8.Ne5 Bb7
9.e4 dxc4 10.Nxc4 Nbd7 11.a4 a5 12.f4 Rc8 13.g4 Ba6 14.b3 b5 15.Ne3 bxa4
16.g5 Bxf1 17.gxf6 Nxf6 18.Kxf1 axb3 19.Qxb3 Qxd4 20.Rxa5 Bb4 21.Ne2 Qb6
22.Nc4 Qb8 23.Rg5 Rfd8 24.Ne5 Bc5 25.Qc2 Qd6 26.Bf3 Qd1+ 27.Qxd1 Rxd1+ 28.Kg2 Bd6
29.Bb2 Nxe4 30.Bxe4 Rd2 31.Nc4 Rxe2+ 32.Kf3 Rxb2 33.Nxb2 Rb8 34.Nd3 Rb6 35.Ra5 f5
36.Ne5 Rb3+ 37.Ke2 fxe4 38.Ra8+ Rb8 39.Rxb8+  0-1

[Event "Premier"]
[Site "Hastings ENG"]
[Date "2002.01.01"]
[Round "4"]
[White "Barsov,A"]
[Black "Kiriakov,P"]
[Result "1/2-1/2"]
[WhiteElo "2525"]
[BlackElo "2547"]

1.d4 Nf6 2.c4 e6 3.Nf3 d5 4.g3 Be7 5.Bg2 O-O 6.O-O dxc4 7.Qc2 a6 8.a4 Bd7
9.Qxc4 Bc6 10.Bg5 a5 11.Nc3 Na6 12.Bxf6 Bxf6 13.e4 Nb4 14.Rfd1 Re8 15.Rac1 Rc8
16.h4 h6 17.Nh2 Be7 18.Nb5 Bxb5  1/2-1/2

[Event "ch-AUS"]
[Site "Melbourne AUS"]
[Date "2002.01.03"]
[Round "6"]
[White "Chow,S"]
[Black "Saw,G"]
[Result "1/2-1/2"]
[WhiteElo "2120"]
[BlackElo "2236"]

1.Nf3 Nf6 2.c4 e6 3.g3 d5 4.Bg2 Be7 5.d4 O-O 6.O-O dxc4 7.Qc2 a6 8.a4 c5
9.dxc5 Qc7 10.Na3 Bxc5 11.Nxc4 Nc6 12.Bf4 Qe7 13.Nfe5 Nd4 14.Qd1 Rd8 15.e3 Nf5
16.Nd3 Nd5 17.Qb3 Nxf4 18.Nxf4 Rb8 19.Ne5 Bd6 20.Nfd3 f6 21.Nc4  1/2-1/2

[Event "4th Hilton Open"]
[Site "Basel SUI"]
[Date "2002.01.05"]
[Round "6"]
[White "Tukmakov,V"]
[Black "Lekic,D"]
[Result "1-0"]
[WhiteElo "2572"]
[BlackElo "2402"]

1.d4 d5 2.c4 e6 3.Nf3 Nf6 4.g3 Be7 5.Bg2 O-O 6.Qc2 dxc4 7.Nbd2 c5 8.dxc5 Bxc5
9.O-O Nc6 10.Nxc4 Qe7 11.Nfe5 Nxe5 12.Nxe5 Bd4 13.Bf4 Nd5 14.Rfd1 Nxf4 15.gxf4 Bb6
16.Rd3 f6 17.Nc4 Bc7 18.Qd2 Rb8 19.Nd6 Rd8 20.Rd1 Kf8 21.Nb5 Rxd3 22.Qxd3 Bb6
23.Qxh7  1-0

[Event "It"]
[Site "Reggio Emilia ITA"]
[Date "2002.01.05"]
[Round "6"]
[White "Delchev,A"]
[Black "Naumkin,I"]
[Result "1/2-1/2"]
[WhiteElo "2634"]
[BlackElo "2414"]

1.d4 Nf6 2.c4 e6 3.g3 d5 4.Bg2 Be7 5.Nf3 O-O 6.Qc2 c5 7.dxc5 Qa5+ 8.Nbd2 Qxc5
9.a3 dxc4 10.Qxc4 Nc6 11.Qxc5 Bxc5 12.O-O Bd7 13.b4 Be7 14.Nb3 Rfc8 15.Bb2 Nd5
16.Rac1 Be8 17.Nfd2 Nb6 18.Ba1 a5 19.bxa5 Nxa5 20.Nxa5 Rxa5 21.Bd4 Rb5 22.Bxb7 Rxc1
23.Rxc1 Bxa3 24.Rc2 e5 25.Bxb6 Rxb6 26.Rc8 Kf8 27.Bd5 Ke7 28.Nc4 Rb1+ 29.Kg2 Bb4
30.Nxe5 Bd6 31.Nc4 Bb8 32.Bc6 Bxc6+ 33.Rxc6 h5 34.h4 g6 35.e3 Rb3 36.Nd2 Rb5
37.Ne4 Be5 38.Ng5 Rb7 39.Rc4 Kf8 40.Ne4 Kg7 41.f4 Bb8 42.Kf3 Rb3 43.Ra4 Bc7
44.Nd2 Rc3 45.Ra6 Bd8 46.Ne4 Rb3 47.Rc6 Bb6 48.Nc3 Ba5 49.Nd5 Rb2 50.Rc1 Rb5
51.Rd1 Rb2 52.f5 Rd2 53.Rxd2 Bxd2 54.fxg6 fxg6 55.e4 g5 56.hxg5 Kg6 57.e5 Kf5
58.g6 Kxg6 59.Ke4 Be1 60.Nf4+ Kg5 61.e6 Bb4 62.Nd3 Bf8 63.Ne5 Ba3 64.Kd5 Kf5
65.Nc4 Bf8 66.Ne3+ Kf6 67.Ng2 Kf5 68.Ne3+ Kf6 69.Nc4 Kf5 70.Nb6 Kg4 71.Nd7 Be7
72.Ne5+ Kxg3 73.Ng6 Ba3 74.e7  1/2-1/2

[Event "It"]
[Site "Reggio Emilia ITA"]
[Date "2002.01.07"]
[Round "8"]
[White "Zaja,I"]
[Black "Costantini,R"]
[Result "1-0"]
[WhiteElo "2476"]
[BlackElo "2314"]

1.d4 d5 2.c4 e6 3.Nf3 Nf6 4.g3 Be7 5.Bg2 O-O 6.O-O dxc4 7.Qc2 a6 8.a4 Bd7
9.Qxc4 Bc6 10.Bg5 Bd5 11.Qc2 Be4 12.Qc1 h6 13.Bf4 Nd5 14.Nc3 Bxf3 15.Bxf3 Nxf4
16.Qxf4 c6 17.Rfd1 a5 18.e4 Na6 19.h4 Nb4 20.Rd2 Qb6 21.Rad1 Rad8 22.Kg2 Bf6
23.e5 Be7 24.Be4 Nd5 25.Qf3 f5 26.exf6 Rxf6 27.Qg4 Rdf8 28.Nxd5 exd5 29.Bc2 Bb4
30.Re2 Qc7 31.f4 Qf7 32.h5 Rd6 33.Re5 Qd7 34.Qe2 Rdf6 35.Qd3 g6 36.hxg6 Qg4
37.Rf1 Rxf4 38.g7 Qxg7 39.Rxf4 Rxf4 40.Qh7+ Qxh7 41.Bxh7+ Kxh7 42.gxf4 Bd6
43.Re6 Bxf4 44.Re7+ Kg6 45.Kf3  1-0

[Event "XXVII Open"]
[Site "Seville ESP"]
[Date "2002.01.12"]
[Round "2"]
[White "Suba,M"]
[Black "Tomas Batet,J"]
[Result "1-0"]
[WhiteElo "2528"]
[BlackElo "2055"]

1.c4 e6 2.g3 d5 3.Bg2 Nf6 4.Nf3 Be7 5.d4 O-O 6.O-O Nbd7 7.Qc2 c5 8.cxd5 Nxd5
9.a3 cxd4 10.Nxd4 N7b6 11.Rd1 Bd7 12.e4 Rc8 13.Qe2 Nc7 14.Nc3 e5 15.Nf5 Ne6
16.Be3 Bc5 17.Nd5 Nxd5 18.exd5 Nf4 19.gxf4 Bxf5 20.fxe5 Bxe3 21.Qxe3 Rc2
22.Rd2 Rxd2 23.Qxd2 Qb6 24.Rc1 h6 25.b4 Re8 26.d6 Rc8 27.Rxc8+ Bxc8 28.d7  1-0

[Event "XXVII Open"]
[Site "Seville ESP"]
[Date "2002.01.14"]
[Round "4"]
[White "Calvo,J"]
[Black "Benito Alba,E"]
[Result "1-0"]
[WhiteElo "2285"]
[BlackElo "2026"]

1.d4 Nf6 2.c4 e6 3.g3 d5 4.Bg2 Be7 5.Nf3 Nbd7 6.O-O O-O 7.Qc2 c6 8.b3 Re8
9.Nc3 Bf8 10.Bf4 Nh5 11.Bg5 Be7 12.Bxe7 Qxe7 13.Rad1 Nhf6 14.Rfe1 Nf8 15.e4 Nxe4
16.Nxe4 dxe4 17.Qxe4 Ng6 18.h4 h5 19.Ne5 Nxe5 20.Qxe5 g6 21.d5 f6 22.Qe4 Qf7
23.dxc6 f5 24.cxb7  1-0

[Event "18th Open"]
[Site "Skopje MKD"]
[Date "2002.01.16"]
[Round "2"]
[White "Vasovski,N"]
[Black "Bojkovic,N"]
[Result "1/2-1/2"]
[WhiteElo "2309"]
[BlackElo "2427"]

1.d4 Nf6 2.c4 e6 3.g3 d5 4.Nf3 Be7 5.Bg2 O-O 6.O-O dxc4 7.Ne5 Nc6 8.Bxc6 bxc6
9.Nxc6 Qe8 10.Nxe7+ Qxe7 11.Qa4 c5 12.Qxc4 cxd4 13.Qxd4 Rd8 14.Qh4 Rb8 15.b3 Ba6
16.Ba3 Qc7 17.Rc1 Qe5 18.Nc3 Rd4 19.Qh3 Bb7 20.Qf1 h5 21.f3 Rc8 22.Qe1 h4
23.Nd1 Rxc1 24.Rxc1 hxg3 25.hxg3 Bxf3 26.Bb2 Bb7 27.Bxd4 Qe4 28.Qf1 Ng4 29.Nf2 Nxf2
30.Kxf2 Qxd4+ 31.Ke1 Qb4+ 32.Kd1 Qd4+ 33.Ke1 Qb4+ 34.Kf2 Qd4+ 35.Ke1 Qb4+
36.Kf2 Qd4+ 37.Ke1 Qb4+ 38.Kf2  1/2-1/2

[Event "39th BPCL ch-IND"]
[Site "Nagpur IND"]
[Date "2002.01.18"]
[Round "3"]
[White "Harikrishna,P"]
[Black "Mishra,N"]
[Result "1-0"]
[WhiteElo "2525"]
[BlackElo "2321"]

1.d4 Nf6 2.c4 e6 3.g3 d5 4.Nf3 Be7 5.Bg2 O-O 6.O-O dxc4 7.Qc2 a6 8.Qxc4 b5
9.Qc2 Bb7 10.Bd2 Be4 11.Qc1 Nbd7 12.Ba5 Rc8 13.Nc3 Ba8 14.a4 Rb8 15.Na2 Nb6
16.axb5 axb5 17.Rd1 Nc4 18.Bb4 Bxb4 19.Nxb4 Qd6 20.Na6 Rbc8 21.Nc5 Nb6 22.Qc2 Nbd7
23.Rac1 Qe7 24.Qd3 e5 25.Nxd7 e4 26.Nxf6+ Qxf6 27.Qxb5 exf3 28.exf3 Rb8 29.Qe5 Rxb2
30.Rxc7 Qb6 31.Qc5 g6 32.Re1 Qxc5 33.dxc5 Rc2 34.f4 Bxg2 35.Kxg2 Ra8 36.Ree7 Raa2
37.Rxf7 Rxf2+ 38.Kh3 Rxh2+ 39.Kg4 Rh5 40.Rg7+ Kf8 41.Rxh7 Rxh7 42.Rxh7 Kg8
43.Rc7 Ra3 44.Kh4 Rf3 45.Rd7 Rc3 46.Kg5 Rxg3+ 47.Kf6 Rg4 48.c6  1-0

[Event "18th Open"]
[Site "Skopje MKD"]
[Date "2002.01.19"]
[Round "5"]
[White "Horvath,Cs"]
[Black "Miladinovic,I"]
[Result "1/2-1/2"]
[WhiteElo "2542"]
[BlackElo "2509"]

1.d4 Nf6 2.Nf3 d5 3.c4 e6 4.g3 Be7 5.Bg2 O-O 6.O-O c6 7.Qc2 Nbd7 8.b3 b6
9.Rd1 Ba6 10.Nbd2 Rc8 11.e4 c5 12.exd5 exd5 13.Bb2 b5 14.cxd5 Bb7 15.Ng5 h6
16.d6 Bxg2 17.dxe7 Qxe7 18.Kxg2 hxg5 19.Qf5 c4 20.Rac1 Qe2 21.Qf3 Qe6 22.bxc4 bxc4
23.d5 Nxd5 24.Nxc4 N7f6 25.Bxf6 Nxf6 26.Ne3 Rxc1 27.Rxc1 Qxa2 28.Rc5 Nh7
29.Nf5 Qe6 30.Ra5 a6 31.h3 Rd8 32.Qb7 Nf6 33.Ne3 Rd2 34.Qa8+ Kh7 35.Qf3 Ne4
36.Qf5+ Qxf5 37.Rxf5 f6 38.h4 g6 39.Rf3 gxh4 40.gxh4 Kh6 41.Ng4+ Kg7 42.Rf4 f5
43.Ne3 Kh6 44.Nf1 Ra2 45.Ng3 Nf6 46.Rc4 Ng4 47.Rc6 Rxf2+ 48.Kg1 Rf3 49.Kg2 Rf2+
50.Kg1 Rf4 51.h5 Ne5 52.Re6 Rg4 53.Kf2 f4 54.Nf5+ Kg5 55.Rxe5 gxf5 56.Ra5 Rh4
57.Rxa6 Rxh5 58.Ra8 Kg4 59.Rg8+ Rg5 60.Rxg5+ Kxg5  1/2-1/2

[Event "39th BPCL ch-IND"]
[Site "Nagpur IND"]
[Date "2002.01.20"]
[Round "5"]
[White "Harikrishna,P"]
[Black "Sriram,J"]
[Result "1-0"]
[WhiteElo "2525"]
[BlackElo "2408"]

1.d4 d5 2.c4 e6 3.Nf3 Nf6 4.g3 Be7 5.Bg2 O-O 6.O-O c6 7.b3 Nbd7 8.Qc2 b6
9.Bb2 Ba6 10.Nbd2 Rc8 11.e4 c5 12.exd5 exd5 13.Rfd1 cxd4 14.Nxd4 b5 15.Qf5 bxc4
16.bxc4 dxc4 17.Nc6 Rxc6 18.Bxc6 Qb6 19.Bxd7 Qxb2 20.Rab1 Qa3 21.Bb5 Bxb5
22.Qxb5 c3 23.Nc4 Qxa2 24.Ra1 a6 25.Qc6 Qb3 26.Ne3 Ba3 27.Rd3 Qb2 28.Rad1 Bb4
29.Rd8 h6 30.Kg2 a5 31.Rxf8+ Bxf8 32.Rd3 Bb4 33.Qc8+ Kh7 34.Qf5+ Kg8 35.Nd1 Qe2
36.Rd8+ Bf8 37.Nxc3 Qc4 38.Qxa5 Ne4 39.Rxf8+  1-0

[Event "18th Open"]
[Site "Skopje MKD"]
[Date "2002.01.21"]
[Round "7"]
[White "Georgiev,Ki"]
[Black "Graf,A"]
[Result "0-1"]
[WhiteElo "2655"]
[BlackElo "2605"]

1.d4 Nf6 2.c4 e6 3.Nf3 d5 4.g3 Be7 5.Bg2 O-O 6.O-O Nbd7 7.Qc2 c6 8.b3 b6
9.Nbd2 c5 10.e4 Bb7 11.exd5 exd5 12.Bb2 Re8 13.Rad1 Qc7 14.Qf5 Rad8 15.Rfe1 h6
16.Ne5 cxd4 17.Bxd4 Bb4 18.cxd5 Bxd5 19.Bf1 Nxe5 20.Bxe5 Rxe5 21.Qxe5 Qxe5
22.Rxe5 Be6 23.Bc4 Bxc4 24.bxc4 Rxd2 25.Rxd2 Bxd2 26.Re7 Bb4 27.Rxa7 Bc5
28.a4 Ne4 29.a5 bxa5 30.Rxa5 Bxf2+ 31.Kg2 Bc5 32.Ra8+ Bf8 33.g4 g6 34.Rd8 Kg7
35.h4 Nc5 36.Kf3 Be7 37.Rd5 Kf6 38.Rd1 Ke6 39.Re1+ Kd7 40.Rd1+ Bd6 41.Ke3 Ke6
42.Kd4 Nd7 43.Re1+ Be5+ 44.Ke4 Bg3 45.Rh1 Ne5 46.c5 Bf2 47.h5 f5+ 48.gxf5+ gxf5+
49.Kf4 Nd3+ 50.Kf3 Bxc5 51.Ra1 Ne5+ 52.Kf4 Bd6 53.Ra8 Kf6 54.Rg8 Bb4 55.Kg3 Bd2
56.Kh4 Bg5+ 57.Kh3 Ke6 58.Re8+ Kd5 59.Kg3 Ke4 60.Kg2 Kf4 61.Kh3 Ng4 62.Ra8 Nf6
63.Ra4+ Kf3 64.Ra5 Kf4 65.Ra4+ Ne4 66.Ra8 Bf6 67.Rg8 Kf3 68.Ra8 Ng5+ 69.Kh2 Kg4
70.Ra5 Bd4 71.Kg2 f4 72.Ra4 Be3 73.Ra6 Kxh5 74.Rf6 Bd2 75.Kf1 Ne4 76.Re6 Ng3+
77.Kf2 Nf5 78.Re8 Bc3 79.Kf3 Kg5 80.Rf8 Bg7 81.Ra8 Nd4+ 82.Kf2 Bf6 83.Ra1 h5
84.Ra8 Kg4 85.Rg8+ Bg5 86.Kg2 h4 87.Rh8 Nf5 88.Kf2 h3 89.Kg1 f3 90.Rg8 Ng3
91.Rf8 Ne4 92.Kh2 Bf4+  0-1

[Event "GMA"]
[Site "Bermuda BER"]
[Date "2002.01.22"]
[Round "2"]
[White "Ernst,S"]
[Black "Handke,F"]
[Result "1-0"]
[WhiteElo "2459"]
[BlackElo "2450"]

1.d4 Nf6 2.c4 e6 3.g3 d5 4.Bg2 Be7 5.Nf3 O-O 6.O-O dxc4 7.Qc2 a6 8.Qxc4 b5
9.Qc2 Bb7 10.Bg5 Nbd7 11.Bxf6 Nxf6 12.Nbd2 Rc8 13.Nb3 c5 14.dxc5 Be4 15.Qc3 Bd5
16.Rac1 Bxb3 17.Qxb3 Bxc5 18.e3 Qb6 19.Ne5 h6 20.Qc3 Qc7 21.Nd3 Bd6 22.Qxc7 Rxc7
23.Rxc7 Bxc7 24.Rc1 Rd8 25.Bf1 Bb6 26.Rc6 Rb8 27.Nb4 a5 28.Na6 Rb7 29.Bxb5 g5
30.a4 Kg7 31.Kg2 Nd7 32.Rc8 Ne5 33.h3 Kf6 34.Nc5 Rc7 35.Ne4+ Kg7 36.Rb8 Ba7
37.Ra8 Bb6 38.Nd6 Rc2 39.Kf1 Rc1+ 40.Kg2 Rc2 41.Kf1 Rxb2 42.Rb8 Bc5 43.Ne8+ Kg6
44.Nc7 Bd6 45.Rb7 h5 46.Nxe6 g4 47.Nf4+ Kg5 48.h4+ Kh6 49.Rb6 Rd2 50.Nd3 Nf3
51.Rxd6+ Kg7 52.e4 Nh2+ 53.Kg2 Nf3 54.Rc6 Nd4 55.Rc3 Nc2 56.Nf4 Ne1+ 57.Kf1  1-0

[Event "39th BPCL ch-IND"]
[Site "Nagpur IND"]
[Date "2002.01.23"]
[Round "8"]
[White "Mishra,N"]
[Black "Mahesh Chandran,P"]
[Result "0-1"]
[WhiteElo "2321"]
[BlackElo "2436"]

1.d4 Nf6 2.c4 e6 3.g3 d5 4.Bg2 Be7 5.Nf3 O-O 6.Qc2 dxc4 7.Qxc4 a6 8.Qc2 b5
9.Ne5 Ra7 10.O-O Bb7 11.e4 Qxd4 12.Be3 Qxe5 13.f4 Qh5 14.Bxa7 Nc6 15.e5 Nb4
16.Qd1 Qxd1 17.Rxd1 Nfd5 18.Nc3 c5 19.a3 Nc2 20.Rac1 Nce3 21.Bxd5 exd5 22.Re1 d4
23.b4 Nf5 24.g4 Nh4 25.Red1 Nf3+ 26.Kf2 dxc3 27.Rd7 Bh4+ 28.Ke3 Ba8 29.Bxc5 Re8
30.h3 Be1 31.Ke2 Bd2 32.Rc2 Be4 33.Ra2 Bxf4 34.Be3 Nxe5 35.Rd4 Nc4  0-1

[Event "18th Open"]
[Site "Skopje MKD"]
[Date "2002.01.23"]
[Round "9"]
[White "Georgiev,Ki"]
[Black "Damljanovic,B"]
[Result "1/2-1/2"]
[WhiteElo "2655"]
[BlackElo "2545"]

1.d4 Nf6 2.c4 e6 3.g3 d5 4.Bg2 Be7 5.Nf3 O-O 6.O-O b6 7.cxd5 exd5 8.Nc3 Bb7
9.Ne5 Na6 10.Bf4 Qc8 11.Rc1 Rd8 12.Qc2 c5 13.Rfd1 Qe6 14.a3 Bf8 15.dxc5 bxc5
16.Qb3 Rab8 17.Nf3 Bd6 18.Bxd6 Rxd6 19.e3 Qe7 20.Qc2 g6 21.Rd2 Rdd8 22.Rcd1 Nc7
23.Ne1 Ba8 24.Bf3 d4 25.exd4 cxd4 26.Ne2 Ne6 27.Bxa8 Rxa8 28.Nf3 Rac8 29.Qb1 Qb7
30.Nexd4 Ne4 31.Rd3 Nxd4 32.Rxd4 Rxd4 33.Rxd4 Nxg3 34.hxg3 Qxf3 35.Qe1 h5
36.Qd2 Qc6 37.Rd8+ Rxd8 38.Qxd8+ Kh7 39.Qe7 Qc1+ 40.Kg2 Qc6+ 41.Kh2 Qf3 42.Qxa7 h4
43.Qd4 hxg3+ 44.fxg3 Qe2+ 45.Kg1 f5 46.b4 Qf3 47.Qe5 Qxa3 48.b5 Qc1+ 49.Kf2 Qd2+
50.Qe2 Qd4+ 51.Kg2 Kh6 52.Qf1 Kg7 53.Qe2 Kf8 54.Kh3 Qd5 55.Kh2 Qd4 56.Kg2 Qd5+
57.Kf2 Qd4+ 58.Kf3 g5 59.Kg2 Qd5+ 60.Kh2 f4 61.gxf4 gxf4 62.b6 Qb3 63.Qf2 Ke8
64.Kg2 Kd7 65.Qxf4 Qxb6  1/2-1/2